00250nam a22000857a 4500100003700000245004600037260005100083300000800134650002200142 aChemical Industries in Sri lnaka aChemical Industries in Sri lnaka -Part 11 aWijeramabInstitute of Chemistry Ceylonc1997 a160 achemical industry